Quality education / (Record no. 28107)

MARC details
000 -LEADER
fixed length control field 00934nam a22002537a 4500
005 - DATE AND TIME OF LATEST TRANSACTION
control field 20090709122231.0
008 - FIXED-LENGTH DATA ELEMENTS--GENERAL INFORMATION
fixed length control field 090709t xxu||||| |||| 00| 0 eng d
010 ## - LCCN (DPL NO)
LC control number ENG-94361
020 ## - INTERNATIONAL STANDARD BOOK NUMBER
International Standard Book Number 9788131305614
Terms of availability 995.00
035 ## - SYSTEM CONTROL NUMBER
System control number EN-77894
037 ## - SOURCE OF ACQUISITION
Source of stock number/acquisition DBAD / PUB
040 ## - CATALOGING SOURCE
Original cataloging agency dpl
Language of cataloging English
082 ## - DEWEY DECIMAL CLASSIFICATION NUMBER
Classification number 379.158
100 ## - MAIN ENTRY--PERSONAL NAME
Personal name Rao, Digumarti Bhaskar
245 ## - TITLE STATEMENT
Title Quality education /
Statement of responsibility, etc by Digumarti Bhaskar Rao
260 ## - PUBLICATION, DISTRIBUTION, ETC. (IMPRINT)
Place of publication, distribution, etc New Delhi
Name of publisher, distributor, etc APH Publishing
Date of publication, distribution, etc 2009
270 ## - ADDRESS
Address 4435-36/7, Ansari Road, Daryaganj,
City New Delhi
Postal code 110002
300 ## - PHYSICAL DESCRIPTION
Extent x, 239p.:
Dimensions 26cm(Hb)
Other physical details ill.
500 ## - GENERAL NOTE
General note Includes index
650 ## - SUBJECT ADDED ENTRY--TOPICAL TERM
Topical term or geographic name as entry element Education and state
650 ## - SUBJECT ADDED ENTRY--TOPICAL TERM
Topical term or geographic name as entry element Total quality management in education
942 ## - ADDED ENTRY ELEMENTS (KOHA)
Source of classification or shelving scheme Dewey Decimal Classification
Item type English Books
Call number suffix RAO
Classification part 379.158
Holdings
Withdrawn status Lost status Source of classification or shelving scheme Damaged status Not for loan Collection code Home library Current library Date acquired Source of acquisition Cost, normal purchase price Total Checkouts Full call number Barcode Date last seen Copy number Cost, replacement price Koha item type
    Dewey Decimal Classification   Not For Loan Non-fiction D.B.Act.Division D.B.Act.Division 09/07/2009 DBAD / PUB 995.00   379.158 RAO EN-77894 09/07/2009 1 995.00 English Books

© Delhi Public Library
Hit Counter
free hit counter